000 00499nam a2200169 4500
001 117020
003 ES-MaACL
005 20230906190819.0
007 t|
008 071121s1922 it r ||||1| ita d
100 1 _aPentimalli, Natale.
_990197
245 1 3 _aLa nazione organizzata /
_cNatale Pentimalli ; prefazione di Enrico Barone.
260 _aRoma :
_b[s.n.],
_c1922 (
_fTip. Soc. Cartiere Centrali)
300 _a128 p.
700 1 _aBarone, Enrico.
_925785
852 _aES-MaACL
_j1660-F-14
999 _c117020
_d117020